[Event "ch-city"]
[Site "Milanowek"]
[Date "2010.07.01"]
[Round "6.10"]
[White "Trocha, Adam"]
[Black "Chmielewska, Joanna"]
[Result "1/2-1/2"]
[WhiteElo "1525"]
[BlackElo "1691"]
[PlyCount "81"]
[EventDate "2010.06.26"]
[EventType "swiss"]
[EventRounds "1"]
[EventCountry "POL"]
[SourceDate "2010.06.26"]

1. c4 c6 2. Nc3 d5 3. cxd5 cxd5 4. d4 Nf6 5. g3 Nc6 6. Bg2 a6 7. Bf4 e6 8. Nf3
Bb4 9. Bd2 O-O 10. O-O Bd7 11. e3 Rc8 12. Rc1 Na5 13. a3 Bd6 14. Ne1 Nc4 15.
Nd3 Qb6 16. Rc2 Bc6 17. Qa1 Rfe8 18. b4 e5 19. dxe5 Nxe5 20. Na4 Qd8 21. Nac5
b6 22. Bc3 bxc5 23. Bxe5 Bb5 24. Bxf6 gxf6 25. Rd2 c4 26. Nc5 Bxc5 27. Rxd5 Qe7
28. Rxc5 Rxc5 29. bxc5 Rc8 30. Rc1 Rxc5 31. a4 Bc6 32. Qa3 Bxg2 33. Rxc4 Bh3
34. Qxc5 Qb7 35. Qc6 Qb1+ 36. Rc1 Qb2 37. Qc2 Qb7 38. f4 Qf3 39. Qf2 Qe4 40. a5
Qb4 41. Qa2 1/2-1/2

[Event "ch-city"]
[Site "Milanowek"]
[Date "2010.07.01"]
[Round "6.11"]
[White "Rozycki, Wojciech"]
[Black "Wyszomirski, Krzysztof"]
[Result "0-1"]
[WhiteElo "1503"]
[BlackElo "1736"]
[PlyCount "72"]
[EventDate "2010.06.26"]
[EventType "swiss"]
[EventRounds "1"]
[EventCountry "POL"]
[SourceDate "2010.06.26"]

1. e4 c5 2. Nf3 Nc6 3. c3 e6 4. d4 cxd4 5. cxd4 Nf6 6. Nc3 d6 7. Bb5 Bd7 8. O-O
a6 9. Ba4 b5 10. Bc2 Qc7 11. Re1 Be7 12. a3 Rc8 13. Re2 O-O 14. e5 dxe5 15.
dxe5 Ng4 16. Qd3 g6 17. Bf4 b4 18. axb4 Nxb4 19. Qe4 Bc6 20. Qc4 Qb7 21. Be4
Bd5 22. Bxd5 Nxd5 23. Qe4 Bc5 24. Rb1 Qb3 25. Bd2 f5 26. exf6 Ndxf6 27. Qd3
Rcd8 28. Qxa6 e5 29. h3 Nxf2 30. Rxf2 e4 31. Bh6 exf3 32. Bxf8 Bxf2+ 33. Kxf2
Qc2+ 34. Kxf3 Rd3+ 35. Kf4 Qf2+ 36. Ke5 Qf5# 0-1

[Event "ch-city"]
[Site "Milanowek"]
[Date "2010.07.01"]
[Round "6.12"]
[White "Rozycki, Dariusz"]
[Black "Kowalik, Pawel"]
[Result "1-0"]
[WhiteElo "1505"]
[BlackElo "1791"]
[PlyCount "41"]
[EventDate "2010.06.26"]
[EventType "swiss"]
[EventRounds "1"]
[EventCountry "POL"]
[SourceDate "2010.06.26"]

1. e4 e5 2. Nf3 Nc6 3. Bc4 Bc5 4. O-O Nf6 5. d4 Bxd4 6. Nxd4 Nxd4 7. f4 Qe7 8.
fxe5 Qxe5 9. Bf4 Qc5 10. Bxf7+ Kxf7 11. Be3 Qxc2 12. Qxd4 d6 13. Na3 Qc6 14.
Rac1 Qb6 15. Qc4+ Be6 16. Qxc7+ Qxc7 17. Rxc7+ Kg6 18. Bd4 Bxa2 19. Nb5 Nxe4
20. Rxg7+ Kh6 21. Rf4 1-0

[Event "ch-city"]
[Site "Milanowek"]
[Date "2010.07.02"]
[Round "7.1"]
[White "Sujkowski, Pawel"]
[Black "Janczarski, Michal"]
[Result "0-1"]
[WhiteElo "1944"]
[BlackElo "2281"]
[PlyCount "80"]
[EventDate "2010.06.26"]
[EventType "swiss"]
[EventRounds "1"]
[EventCountry "POL"]
[SourceDate "2010.06.26"]

1. e4 c5 2. c3 d6 3. d4 Nd7 4. Nf3 g6 5. Be3 Bg7 6. Nbd2 Ngf6 7. Be2 O-O 8. h3
Qc7 9. O-O b6 10. Rb1 Bb7 11. d5 e6 12. c4 exd5 13. exd5 b5 14. b3 a5 15. a4
bxa4 16. bxa4 Ba6 17. Re1 Rab8 18. Qc2 Nb6 19. Bf4 Bc8 20. Nb3 Nxa4 21. Nbd4
Rxb1 22. Rxb1 cxd4 23. Qxa4 Ne4 24. Qc2 Nc3 25. Rc1 Ba6 26. Bf1 Bxc4 27. Bxd6
Qxd6 28. Bxc4 Rc8 29. Bf1 Ne2+ 30. Qxe2 Rxc1 31. Qe8+ Qf8 32. Qa4 Qd8 33. Qa2
d3 34. Qd2 Rc3 35. Bxd3 Qxd5 36. Ne1 a4 37. Qe2 Qe6 38. Qd2 Qd7 39. Qe2 a3 40.
Bb5 Qe6 0-1

[Event "ch-city"]
[Site "Milanowek"]
[Date "2010.07.02"]
[Round "7.2"]
[White "Winski, Lukasz"]
[Black "Liberadzki, Slawomir"]
[Result "1/2-1/2"]
[WhiteElo "2115"]
[BlackElo "2007"]
[PlyCount "35"]
[EventDate "2010.06.26"]
[EventType "swiss"]
[EventRounds "1"]
[EventCountry "POL"]
[SourceDate "2010.06.26"]

1. e4 c5 2. c3 Nf6 3. e5 Nd5 4. d4 cxd4 5. cxd4 e6 6. Nc3 Nc6 7. Nf3 d6 8. exd6
Bxd6 9. Bd3 h6 10. O-O O-O 11. Re1 b6 12. a3 Nce7 13. Ne4 Bb7 14. Ne5 Nf5 15.
Qg4 Be7 16. Be3 Nfxe3 17. fxe3 Nf6 18. Nxf6+ $11 1/2-1/2

[Event "ch-city"]
[Site "Milanowek"]
[Date "2010.07.02"]
[Round "7.3"]
[White "Borkowski, Adam"]
[Black "Olejarczyk, Bogdan"]
[Result "0-1"]
[WhiteElo "1827"]
[BlackElo "2174"]
[PlyCount "100"]
[EventDate "2010.06.26"]
[EventType "swiss"]
[EventRounds "1"]
[EventCountry "POL"]
[SourceDate "2010.06.26"]

1. c4 Nf6 2. Nf3 e6 3. g3 d5 4. cxd5 exd5 5. Bg2 Be7 6. O-O O-O 7. d4 c6 8. Nc3
Re8 9. Qb3 Nbd7 10. Bd2 Bd6 11. Rfc1 Nb6 12. e3 Nc4 13. Be1 b5 14. Qc2 g6 15.
b3 Bf5 16. Qe2 Nb6 17. Nd1 Qd7 18. Nb2 Bg4 19. Nd3 Ne4 20. h3 Bxf3 21. Bxf3
Rac8 22. h4 f5 23. Bb4 Bb8 24. Bxe4 fxe4 25. Nc5 Qf5 26. Na6 Re6 27. Rc2 Nd7
28. Rac1 g5 29. Nxb8 Nxb8 30. g4 Qf7 31. h5 Rce8 32. Ba5 Rf6 33. Qf1 Qd7 34.
Qg2 Rf3 35. Bb4 h6 36. Kf1 Qc7 37. Ke2 a5 38. Bc5 b4 39. Rg1 Re6 40. Kd1 Ref6
41. Ke1 Nd7 42. Qf1 Qh2 43. Qg2 Qb8 44. Qf1 Nxc5 45. dxc5 Qe5 46. Qg2 d4 47.
Kd1 d3 48. Rc4 Qa1+ 49. Kd2 Qb2+ 50. Ke1 Qe2# 0-1

[Event "ch-city"]
[Site "Milanowek"]
[Date "2010.07.02"]
[Round "7.4"]
[White "Paziewski, Marcin"]
[Black "Gajewski, Dariusz"]
[Result "0-1"]
[WhiteElo "1761"]
[BlackElo "2014"]
[PlyCount "82"]
[EventDate "2010.06.26"]
[EventType "swiss"]
[EventRounds "1"]
[EventCountry "POL"]
[SourceDate "2010.06.26"]

1. d4 Nf6 2. c4 e5 3. dxe5 Ng4 4. Nf3 Nc6 5. Bf4 Bb4+ 6. Nbd2 Qe7 7. a3 Ngxe5
8. Nxe5 Nxe5 9. Bxe5 Bxd2+ 10. Qxd2 Qxe5 11. e3 O-O 12. Be2 d6 13. O-O Bf5 14.
Rfd1 Rfe8 15. Qd4 b6 16. Qxe5 Rxe5 17. Bf3 Be4 18. Bxe4 Rxe4 19. Rd4 Rae8 20.
Rad1 f5 21. Kf1 Kf7 22. Ke2 Kf6 23. Kd3 g5 24. Rxe4 Rxe4 25. Kc3 h5 26. Rd4 Ke5
27. Rd5+ Ke6 28. b4 Rh4 29. h3 g4 30. Rd4 gxh3 31. gxh3 Rxh3 32. b5 Rh1 33. a4
Kf6 34. e4 Rh3+ 35. Kb4 Ke5 36. Rd5+ Kxe4 37. Rd1 Ke5 38. Rg1 Kf6 39. Rg8 Rh4
40. Rf8+ Ke6 41. Rc8 d5 0-1

[Event "ch-city"]
[Site "Milanowek"]
[Date "2010.07.02"]
[Round "7.5"]
[White "Rogalski, Krzysztof"]
[Black "Staniak, Mariusz"]
[Result "1-0"]
[WhiteElo "1948"]
[BlackElo "1901"]
[PlyCount "161"]
[EventDate "2010.06.26"]
[EventType "swiss"]
[EventRounds "1"]
[EventCountry "POL"]
[SourceDate "2010.06.26"]

1. d4 Nf6 2. Nf3 e6 3. c4 b6 4. Nc3 Bb7 5. Bf4 Bb4 6. Qb3 a5 7. a3 Bxc3+ 8.
Qxc3 O-O 9. e3 d6 10. Be2 Nbd7 11. h3 Re8 12. O-O e5 13. dxe5 Nxe5 14. Nxe5
dxe5 15. Rfd1 Qe7 16. Bh2 Ne4 17. Qc2 Qg5 18. Bf3 Qg6 19. Rac1 Re6 20. Rd7 Rf6
21. Qe2 Rxf3 22. Qxf3 Nc5 23. Rd5 Nd3 24. Rd1 e4 25. R5xd3 Rf8 26. Qg3 exd3 27.
Qxg6 fxg6 28. Rxd3 c6 29. Bc7 Ba6 30. Rc3 Rf7 31. Bxb6 Rb7 32. c5 a4 33. Rc2
Rd7 34. Ba5 Rd5 35. Bb4 Kf7 36. Kh2 Ke6 37. e4 Rd4 38. f3 g5 39. Kg3 h5 40. Rd2
Rxd2 41. Bxd2 Kf6 42. Bc3+ Kf7 43. h4 gxh4+ 44. Kxh4 g6 45. Kg5 Bf1 46. g3 Bg2
47. Kf4 Ke6 48. Ke3 Bf1 49. Kd4 Be2 50. f4 Bf3 51. Be1 Bg2 52. Ke3 Bf1 53. Kf3
Bd3 54. e5 Kd5 55. g4 hxg4+ 56. Kxg4 Kxc5 57. Kg5 Kd5 58. Kf6 Bf5 59. Bd2 Bh3
60. Kxg6 Ke6 61. Kg5 Bf5 62. Bb4 Bh3 63. Kh4 Bf1 64. Kg3 Bc4 65. Kf3 Kf5 66.
Ke3 Bd5 67. Bd2 Ke6 68. Kd4 Kf5 69. Kc5 Ke6 70. Bc1 Be4 71. b3 axb3 72. a4 Bd3
73. Kxc6 Kf5 74. a5 b2 75. Bxb2 Kxf4 76. e6 Bg6 77. Kd7 Bd3 78. e7 Bb5+ 79. Kd8
Ke4 80. a6 Kd5 81. a7 1-0

[Event "ch-city"]
[Site "Milanowek"]
[Date "2010.07.02"]
[Round "7.6"]
[White "Cyra, Dariusz"]
[Black "Woloszyn, Piotr"]
[Result "0-1"]
[WhiteElo "1874"]
[BlackElo "1759"]
[PlyCount "78"]
[EventDate "2010.06.26"]
[EventType "swiss"]
[EventRounds "1"]
[EventCountry "POL"]
[SourceDate "2010.06.26"]

1. d4 d6 2. c4 e5 3. d5 a5 4. e4 Be7 5. Bd3 Bg5 6. Nf3 Bxc1 7. Qxc1 h6 8. h3
Nf6 9. Nc3 Nbd7 10. a3 b6 11. b4 Nf8 12. O-O Ng6 13. Ne2 Nh5 14. c5 O-O 15.
cxd6 cxd6 16. Qc6 Rb8 17. Rfc1 Qf6 18. Ne1 Ngf4 19. Ng3 Qg6 20. Nxh5 Nxh5 21.
Kh2 Nf4 22. f3 Nh5 23. g4 Nf4 24. Bf1 h5 25. Nd3 hxg4 26. Nxf4 g3+ 27. Kg1 exf4
28. Bg2 Qh6 29. Ra2 Rd8 30. e5 Bb7 31. Qb5 dxe5 32. Rd2 Qd6 33. Rc3 axb4 34.
axb4 Ra8 35. Rc1 Ra3 36. Rcd1 Rb3 37. Qa4 Rxb4 38. Qa7 Rd7 39. Qa2 Qc5+ 0-1

[Event "ch-city"]
[Site "Milanowek"]
[Date "2010.07.02"]
[Round "7.7"]
[White "Lasota, Adam"]
[Black "Herman, Monika"]
[Result "1/2-1/2"]
[WhiteElo "1825"]
[BlackElo "1665"]
[PlyCount "107"]
[EventDate "2010.06.26"]
[EventType "swiss"]
[EventRounds "1"]
[EventCountry "POL"]
[SourceDate "2010.06.26"]

1. d4 d5 2. c4 e6 3. Nc3 Nf6 4. Nf3 Be7 5. Bf4 c6 6. c5 b6 7. b4 Nbd7 8. h3 a5
9. a3 Bb7 10. e3 O-O 11. Be2 axb4 12. axb4 Rxa1 13. Qxa1 Qa8 14. O-O b5 15. Qb2
Ba6 16. Ra1 Qb7 17. Ra5 Ra8 18. Qa1 Bd8 19. Ra2 Be7 $11 20. Bd3 Qc8 21. Ne5
Nxe5 22. Bxe5 Nd7 23. Bg3 Bb7 24. Rxa8 Qxa8 25. Qxa8+ Bxa8 26. Kf1 f6 27. Ke2
g6 28. Kd1 Kf7 29. e4 f5 30. f3 Bb7 31. Bc7 Bg5 32. Ke2 Bf6 33. Ke3 Bg5+ 34.
Bf4 Bxf4+ 35. Kxf4 h6 36. h4 Kf6 37. g3 Nb8 38. e5+ Kf7 39. g4 Ba8 40. Ke3 Bb7
41. Kd2 Na6 42. Na2 Bc8 43. Kc3 Nb8 $11 44. Kb3 Bd7 45. Nc1 Bc8 46. Kc3 Bd7 47.
Ne2 Kg7 48. Ng3 Be8 49. Ne2 Bf7 50. Nf4 Nd7 51. g5 h5 52. Kb3 Nb8 53. Ne2 Be8
54. f4 $11 1/2-1/2

[Event "ch-city"]
[Site "Milanowek"]
[Date "2010.07.02"]
[Round "7.8"]
[White "Wyszomirski, Krzysztof"]
[Black "Rozycki, Bartlomiej"]
[Result "1-0"]
[WhiteElo "1736"]
[BlackElo "1740"]
[PlyCount "57"]
[EventDate "2010.06.26"]
[EventType "swiss"]
[EventRounds "1"]
[EventCountry "POL"]
[SourceDate "2010.06.26"]

1. e4 c5 2. Nf3 Nc6 3. d4 cxd4 4. Nxd4 Nf6 5. Nc3 e6 6. a3 d5 7. exd5 Nxd5 8.
Nxc6 bxc6 9. Qf3 Bd6 10. Bd3 Qc7 11. Nxd5 cxd5 12. h3 O-O 13. c4 Bb7 14. cxd5
Bxd5 15. Be4 Bxe4 16. Qxe4 a5 17. O-O a4 18. Bd2 Bh2+ 19. Kh1 Be5 20. Rac1 Qb8
21. Bb4 Rd8 22. Rc2 Qb5 23. Rfc1 Qd5 24. Qe2 f6 25. Qg4 Qb3 26. Rc4 f5 27. Qe2
Qxb2 28. R4c2 Qd4 29. Bc3 1-0

[Event "ch-city"]
[Site "Milanowek"]
[Date "2010.07.02"]
[Round "7.9"]
[White "Winiarski, Mikolaj"]
[Black "Trocha, Adam"]
[Result "0-1"]
[WhiteElo "1674"]
[BlackElo "1761"]
[PlyCount "76"]
[EventDate "2010.06.26"]
[EventType "swiss"]
[EventRounds "1"]
[EventCountry "POL"]
[SourceDate "2010.06.26"]

1. e4 c5 2. d4 cxd4 3. c3 Nf6 4. e5 Nd5 5. Nf3 Qc7 6. cxd4 e6 7. Bd2 Bb4 8.
Bxb4 Nxb4 9. Na3 a6 10. Be2 b5 11. O-O Bb7 12. Qb3 N8c6 13. Bxb5 axb5 14. Nxb5
Qb6 15. Nd6+ Ke7 16. Nxb7 Qxb7 17. a3 Qa7 18. Qd1 Nd5 19. b4 Nc7 20. Qd2 h6 21.
a4 Nd5 22. b5 Na5 23. Rfb1 Rhc8 24. b6 Nxb6 25. Qb4+ Ke8 26. Qxb6 Rc1+ 27. Rxc1
Qxb6 28. Rab1 Qa7 29. h3 Rb8 30. Rxb8+ Qxb8 31. Rc5 Nb7 32. Rb5 Qa7 33. Rb4 d5
34. exd6 Nxd6 35. Ne5 Qc7 36. Kh2 f6 37. Nf3 Ne4+ 38. g3 Qc2 0-1

[Event "ch-city"]
[Site "Milanowek"]
[Date "2010.07.02"]
[Round "7.10"]
[White "Chmielewska, Joanna"]
[Black "Rozycki, Dariusz"]
[Result "1-0"]
[WhiteElo "1691"]
[BlackElo "1505"]
[PlyCount "41"]
[EventDate "2010.06.26"]
[EventType "swiss"]
[EventRounds "1"]
[EventCountry "POL"]
[SourceDate "2010.06.26"]

1. e4 e5 2. Nf3 Nc6 3. Bc4 Bc5 4. O-O Nf6 5. d3 h6 6. h3 d6 7. c3 Be6 8. Bb5 a6
9. Ba4 O-O 10. d4 exd4 11. cxd4 Nxd4 12. Nxd4 Bc4 13. Re1 b5 14. Bc2 Nd7 15.
Be3 Qf6 16. Nc3 Rae8 17. Nf5 Re5 18. Qd2 Be6 19. Bf4 Rxf5 20. exf5 Bxf5 21. Nd5
1-0

[Event "ch-city"]
[Site "Milanowek"]
[Date "2010.07.02"]
[Round "7.11"]
[White "Tomaszewska, Luiza"]
[Black "Kaminski, Stefan"]
[Result "1/2-1/2"]
[WhiteElo "1968"]
[BlackElo "1575"]
[PlyCount "170"]
[EventDate "2010.06.26"]
[EventType "swiss"]
[EventRounds "1"]
[EventCountry "POL"]
[SourceDate "2010.06.26"]

1. e4 e5 2. Nf3 Bc5 3. Bc4 d6 4. O-O Nf6 5. d3 h6 6. c3 O-O 7. b4 Bb6 8. a4 a6
9. h3 Be6 10. Bb3 c6 11. a5 Bc7 12. Bc2 b5 13. Re1 Nbd7 14. d4 exd4 15. cxd4
Bc4 16. Na3 d5 17. e5 Nh7 18. Bd2 Re8 19. Qc1 Ndf8 20. Nxc4 bxc4 21. Ba4 Re6
22. Bc2 Re8 23. Qb1 Qd7 24. Bf5 Qe7 25. Ra2 Bd8 26. Qc1 Qc7 27. Qb1 Rb8 28. Bf4
g6 29. Bc2 h5 30. Bg3 Ne6 31. Rb2 Qe7 32. h4 Qf8 33. Ba4 Rc8 34. Qc1 Be7 35.
Qd2 Rc7 36. Reb1 Rb8 37. Ne1 Qd8 38. Nf3 Rbc8 39. Bc2 Qf8 40. Qe3 Rb7 41. Qd2
Rcb8 42. Ba4 Bxb4 43. Qc2 Qc8 44. Rd1 Bxa5 45. Ra2 Bb4 46. Qc1 a5 47. Bc2 Qf8
48. Bf4 Nxf4 49. Qxf4 Qg7 50. Ba4 Rb6 51. Re2 Nf8 52. g4 Ne6 53. Qg3 Be7 54.
Kh2 Rb1 55. Rxb1 Rxb1 56. Bxc6 Nc7 57. e6 Nxe6 58. Bxd5 hxg4 59. Nd2 Rb6 60.
Nxc4 Ra6 61. Qxg4 Qf6 62. h5 Qf4+ 63. Qxf4 Nxf4 64. Rxe7 Nxd5 65. Rd7 Nf6 66.
Rd8+ Kg7 67. hxg6 fxg6 68. d5 a4 69. Na3 Kf7 70. Kg3 Ke7 71. Rh8 Nxd5 72. Rh6
Kf6 73. Rh4 Kf5 74. Rc4 Nf6 75. Rc5+ Ke6 76. Rb5 Ne4+ 77. Kf3 Nd6 78. Rb4 Nf5
79. Kf4 Ne7 80. Re4+ Kf6 81. Rd4 g5+ 82. Kg4 Nf5 83. Rd5 Nh6+ 84. Kh5 Nf5 85.
Kg4 Nh6+ $11 1/2-1/2

[Event "ch-city"]
[Site "Milanowek"]
[Date "2010.07.02"]
[Round "7.12"]
[White "Kucharski, Jacek"]
[Black "Rozycki, Wojciech"]
[Result "0-1"]
[WhiteElo "1369"]
[BlackElo "1503"]
[PlyCount "50"]
[EventDate "2010.06.26"]
[EventType "swiss"]
[EventRounds "1"]
[EventCountry "POL"]
[SourceDate "2010.06.26"]

1. d4 e6 2. Nf3 c5 3. c3 Qb6 4. e3 Nc6 5. Qc2 g6 6. Bd3 f5 7. Nbd2 a6 8. Nc4
Qa7 9. O-O d6 10. Re1 b5 11. Ncd2 e5 12. d5 Nce7 13. e4 f4 14. b3 Bg7 15. Bb2
Bf6 16. c4 b4 17. Nf1 g5 18. h3 h5 19. g3 Bxh3 20. Kh2 h4 21. Ng1 hxg3+ 22.
Nxg3 fxg3+ 23. Kxg3 Qd7 24. f3 g4 25. Re2 gxf3 0-1

[Event "ch-city"]
[Site "Milanowek"]
[Date "2010.07.03"]
[Round "8.1"]
[White "Janczarski, Michal"]
[Black "Rogalski, Krzysztof"]
[Result "1-0"]
[WhiteElo "2281"]
[BlackElo "1948"]
[PlyCount "87"]
[EventDate "2010.06.26"]
[EventType "swiss"]
[EventRounds "1"]
[EventCountry "POL"]
[SourceDate "2010.06.26"]

1. c4 Nf6 2. g3 e6 3. Nf3 b6 4. Bg2 Bb7 5. O-O c5 6. Nc3 Be7 7. b3 O-O 8. Bb2
d6 9. d4 Nbd7 10. d5 e5 11. e4 Ne8 12. a4 Nc7 13. Nd2 Na6 14. f4 Nb4 15. Nf3
Bf6 16. f5 Re8 17. g4 h6 18. Qe2 Nf8 19. Na2 Nxa2 20. Rxa2 a5 21. Qf2 Nh7 22.
h4 Be7 23. Bc1 f6 24. Qg3 Bc8 25. Nh2 Ra7 26. Bf3 Rf8 27. Rg2 Bd7 28. Bd1 Be8
29. Nf3 Rc7 30. Kf2 Bf7 31. Rh1 Re8 32. Rhg1 Kf8 33. g5 fxg5 34. hxg5 Nxg5 35.
Nxg5 Bxg5 36. Bxg5 Qxg5 37. Qxg5 hxg5 38. Rxg5 Bg8 39. Bh5 Ree7 40. f6 Red7 41.
Rf5 gxf6 42. Rxf6+ Ke7 43. Rf3 Bh7 44. Rg7+ 1-0

[Event "ch-city"]
[Site "Milanowek"]
[Date "2010.07.03"]
[Round "8.2"]
[White "Liberadzki, Slawomir"]
[Black "Gajewski, Dariusz"]
[Result "1-0"]
[WhiteElo "2007"]
[BlackElo "2014"]
[PlyCount "51"]
[EventDate "2010.06.26"]
[EventType "swiss"]
[EventRounds "1"]
[EventCountry "POL"]
[SourceDate "2010.06.26"]

1. e4 d5 2. exd5 Qxd5 3. d4 e5 4. dxe5 Qxe5+ 5. Be2 Bg4 6. Be3 Bxe2 7. Qxe2 Nc6
8. Nf3 Qe7 9. O-O O-O-O 10. Nc3 Nf6 11. Rfe1 h6 12. Qb5 a6 13. Qc4 Qb4 14. Qxf7
Qxb2 15. Ne4 Nxe4 16. Qe6+ Rd7 17. Qxe4 Qf6 18. Rab1 Qe7 19. Qg4 Qd8 20. Nd4
Nxd4 21. Bxd4 Bd6 22. Qe4 c6 23. Red1 c5 24. Bc3 Bxh2+ 25. Kxh2 Rxd1 26. Qxb7#
1-0

[Event "ch-city"]
[Site "Milanowek"]
[Date "2010.07.03"]
[Round "8.3"]
[White "Olejarczyk, Bogdan"]
[Black "Wyszomirski, Krzysztof"]
[Result "0-1"]
[WhiteElo "2174"]
[BlackElo "1736"]
[PlyCount "114"]
[EventDate "2010.06.26"]
[EventType "swiss"]
[EventRounds "1"]
[EventCountry "POL"]
[SourceDate "2010.06.26"]

1. d4 Nf6 2. c4 g6 3. Nc3 Bg7 4. e4 O-O 5. Nf3 d6 6. h3 e5 7. d5 Nbd7 8. Bg5 a5
9. Nd2 Nc5 10. g4 Qd7 11. Be3 b6 12. Be2 h6 13. Qc2 c6 14. O-O-O cxd5 15. cxd5
Ba6 16. Bxa6 Rxa6 17. Kb1 Rc8 18. Rc1 b5 19. Bxc5 dxc5 20. a4 b4 21. Nb5 Ne8
22. b3 Nd6 23. Nxd6 Qxd6 24. Qd3 Ra7 25. Rhg1 Rac7 26. Rg3 Rd7 27. Rf3 Bf8 28.
Nc4 Qc7 29. Rf6 Bd6 30. h4 Kg7 31. Rf3 Re8 32. Qe3 Rc8 33. g5 h5 34. Rf6 Kg8
35. Qg3 Re8 36. Re1 Kg7 37. Qd3 Red8 38. Qc2 Re8 39. Re2 Kg8 40. Qb2 Rdd8 41.
f4 exf4 42. e5 Bf8 43. e6 fxe6 44. Rxg6+ Bg7 45. d6 Qf7 46. Qc2 f3 47. Rf2 e5
48. Qe4 Rf8 49. Ka2 Qf5 50. Qd5+ Kh8 51. Re6 Kh7 52. Nxe5 c4 53. bxc4 b3+ 54.
Ka3 b2 55. Kxb2 Rb8+ 56. Kc3 Qb1 57. Kd4 Qa1+ 0-1

[Event "ch-city"]
[Site "Milanowek"]
[Date "2010.07.03"]
[Round "8.4"]
[White "Winski, Lukasz"]
[Black "Sujkowski, Pawel"]
[Result "1-0"]
[WhiteElo "2115"]
[BlackElo "1944"]
[PlyCount "81"]
[EventDate "2010.06.26"]
[EventType "swiss"]
[EventRounds "1"]
[EventCountry "POL"]
[SourceDate "2010.06.26"]

1. e4 e5 2. Nf3 Nc6 3. Bb5 Nf6 4. Qe2 Be7 5. O-O d6 6. c3 O-O 7. d4 Bg4 8. d5
Nb8 9. c4 c6 10. dxc6 bxc6 11. Ba4 d5 12. cxd5 cxd5 13. h3 Bh5 14. Nbd2 Qa5 15.
Qb5 Qxb5 16. Bxb5 Bd6 17. exd5 Nxd5 18. Nc4 Bxf3 19. Nxd6 Bh5 20. Re1 Nc7 21.
Rxe5 Nxb5 22. Nxb5 Bg6 23. Be3 Nd7 24. Re7 Rab8 25. a4 a6 26. Rxd7 axb5 27. a5
Be4 28. a6 Rfd8 29. Rad1 Rxd7 30. Rxd7 Rc8 31. Bc5 f6 32. b4 Bc6 33. Re7 Bd5
34. a7 Ba8 35. Re6 Kf7 36. Rb6 Ke8 37. Rxb5 Kd7 38. Be3 Kc6 39. Rb8 Kc7 40. b5
Rxb8 41. Bf4+ 1-0

[Event "ch-city"]
[Site "Milanowek"]
[Date "2010.07.03"]
[Round "8.6"]
[White "Staniak, Mariusz"]
[Black "Paziewski, Marcin"]
[Result "1-0"]
[WhiteElo "1901"]
[BlackElo "1761"]
[PlyCount "67"]
[EventDate "2010.06.26"]
[EventType "swiss"]
[EventRounds "1"]
[EventCountry "POL"]
[SourceDate "2010.06.26"]

1. c4 Nf6 2. Nc3 e6 3. e4 d5 4. e5 Nfd7 5. Nf3 d4 6. Ne4 c5 7. d3 Nc6 8. Bg5
Qc7 9. g3 Ndxe5 10. Nxe5 Nxe5 11. Qe2 Nc6 12. Bg2 h6 13. Bf4 e5 14. Bd2 f5 15.
O-O fxe4 16. Bxe4 Be6 17. Bg6+ Bf7 18. Bf5 Bd6 19. Qg4 Rg8 20. f4 g6 21. Be6
Nd8 22. Bxf7+ Nxf7 23. fxe5 Bxe5 24. Rae1 Qe7 25. Bf4 h5 26. Qe2 O-O-O 27. Bxe5
Rde8 28. Qg2 Nxe5 29. Qd5 Qc7 30. Re4 Nxd3 31. Rf7 Qb6 32. Qd7+ Kb8 33. Rxe8+
Rxe8 34. Qxe8+ 1-0

[Event "ch-city"]
[Site "Milanowek"]
[Date "2010.07.03"]
[Round "8.7"]
[White "Cyra, Dariusz"]
[Black "Chmielewska, Joanna"]
[Result "1-0"]
[WhiteElo "1874"]
[BlackElo "1691"]
[PlyCount "61"]
[EventDate "2010.06.26"]
[EventType "swiss"]
[EventRounds "1"]
[EventCountry "POL"]
[SourceDate "2010.06.26"]

1. d4 d5 2. c4 c6 3. Nc3 Nf6 4. Nf3 dxc4 5. a4 Bf5 6. e3 e6 7. Bxc4 Bb4 8. O-O
O-O 9. Qb3 Qe7 10. Ne5 a5 11. f3 Bg6 12. e4 Nbd7 13. Bg5 Nxe5 14. dxe5 Qc5+ 15.
Kh1 Qxe5 16. Be3 Qc7 17. Ne2 Bd6 18. h3 Nh5 19. Bb6 Qe7 20. Qe3 Rfc8 21. e5
Bxe5 22. Qxe5 Qb4 23. Qc5 Qxb2 24. Ra2 Qf6 25. Rd2 Bf5 26. g4 Qh6 27. Qe3 g5
28. gxh5 Qxh5 29. Ng1 Re8 30. Qe5 Kf8 31. Qh8+ 1-0

[Event "ch-city"]
[Site "Milanowek"]
[Date "2010.07.03"]
[Round "8.8"]
[White "Trocha, Adam"]
[Black "Lasota, Adam"]
[Result "0-1"]
[WhiteElo "1525"]
[BlackElo "1825"]
[PlyCount "78"]
[EventDate "2010.06.26"]
[EventType "swiss"]
[EventRounds "1"]
[EventCountry "POL"]
[SourceDate "2010.06.26"]

1. c4 Nf6 2. Nc3 e6 3. g3 d5 4. d4 b6 5. Bg2 Bb7 6. a3 c5 7. Bg5 cxd4 8. Qxd4
Nc6 9. Qf4 Bd6 10. Bxf6 gxf6 11. Qh4 dxc4 12. Qxc4 Rc8 13. Qa4 O-O 14. Rd1 Qe7
15. Qh4 Na5 16. Nf3 Bxa3 17. Rd4 $11 Bxb2 18. Rg4+ Kh8 19. O-O Rg8 20. Ne4 Rxg4
21. Qxg4 f5 22. Qg5 Qxg5 23. Nexg5 Kg7 24. Rd1 h6 25. Nh3 Nc4 26. Nd2 Bxg2 27.
Kxg2 a5 28. Nxc4 Rxc4 29. Rd7 a4 30. Ra7 a3 31. Nf4 Rxf4 32. gxf4 b5 33. Kf1 b4
34. Ke1 b3 35. Kd2 a2 36. Kd1 Bf6 37. Kd2 b2 38. Rxa2 b1=Q 39. Rc2 Qb4+ 0-1

[Event "ch-city"]
[Site "Milanowek"]
[Date "2010.07.03"]
[Round "8.9"]
[White "Herman, Monika"]
[Black "Tomaszewska, Luiza"]
[Result "0-1"]
[WhiteElo "1665"]
[BlackElo "1968"]
[PlyCount "70"]
[EventDate "2010.06.26"]
[EventType "swiss"]
[EventRounds "1"]
[EventCountry "POL"]
[SourceDate "2010.06.26"]

1. e4 e6 2. d3 c5 3. Nd2 d5 4. g3 Bd6 5. Bg2 Ne7 6. Ngf3 Nbc6 7. O-O O-O 8. Re1
f6 9. Nf1 Rb8 10. Nh4 b5 11. Qh5 Bc7 12. exd5 exd5 13. c4 Ne5 14. Qe2 bxc4 15.
dxc4 Ba6 16. b3 Ba5 17. Rd1 Bc3 18. Rb1 Bxc4 19. bxc4 Rxb1 20. Qc2 Rxc1 21.
Qxc1 d4 22. Nd2 Bxd2 23. Rxd2 Qa5 24. Rb2 Nd3 25. Qd2 Qxd2 26. Rxd2 Ne5 27. Re2
Rb8 28. f4 Rb1+ 29. Kf2 Ng4+ 30. Kf3 Nxh2+ 31. Kf2 Ng4+ 32. Kf3 Ne3 33. Bh3 Kf7
34. Kf2 Rc1 35. Ng2 Rf1# 0-1

[Event "ch-city"]
[Site "Milanowek"]
[Date "2010.07.03"]
[Round "8.10"]
[White "Rozycki, Bartlomiej"]
[Black "Winiarski, Mikolaj"]
[Result "0-1"]
[WhiteElo "1740"]
[BlackElo "1674"]
[PlyCount "100"]
[EventDate "2010.06.26"]
[EventType "swiss"]
[EventRounds "1"]
[EventCountry "POL"]
[SourceDate "2010.06.26"]

1. e4 c5 2. Nf3 Nc6 3. d4 cxd4 4. c3 dxc3 5. Nxc3 e6 6. Bc4 d6 7. O-O Be7 8.
Qe2 e5 9. Rd1 Nf6 10. Bg5 O-O 11. Bxf6 Bxf6 12. Nb5 Be7 13. Qd3 Bg4 14. Rd2 a6
15. Nxd6 Bxd6 16. Qxd6 Bxf3 17. Qxd8 Raxd8 18. Rxd8 Rxd8 19. gxf3 Rd2 20. b3 b5
21. Bf1 Nd4 22. Rc1 Nxf3+ 23. Kg2 Rc2 24. Rd1 Nd4 25. a4 g6 26. axb5 axb5 27.
Rb1 Kg7 28. b4 g5 29. h3 h5 30. Kg3 Kg6 31. Kg2 g4 32. hxg4 hxg4 33. Kg3 Kg5
34. Bg2 Ne2+ 35. Kh2 Nd4 36. Kg3 Rc3+ 37. Kh2 Nf3+ 38. Bxf3 Rxf3 39. Kg2 Kf4
40. Rc1 Rb3 41. Rc7 f6 42. Rf7 Rxb4 43. Rxf6+ Kxe4 44. Rg6 Kd3 45. Rg5 Re4 46.
f3 gxf3+ 47. Kxf3 b4 48. Rg8 Rd4 49. Rb8 e4+ 50. Kf2 Kd2 0-1

[Event "ch-city"]
[Site "Milanowek"]
[Date "2010.07.03"]
[Round "8.11"]
[White "Kaminski, Stefan"]
[Black "Rozycki, Wojciech"]
[Result "1-0"]
[WhiteElo "1575"]
[BlackElo "1503"]
[PlyCount "41"]
[EventDate "2010.06.26"]
[EventType "swiss"]
[EventRounds "1"]
[EventCountry "POL"]
[SourceDate "2010.06.26"]

1. e4 e6 2. d4 d5 3. exd5 exd5 4. Nf3 Bg4 5. h3 Bh5 6. Bd3 Nc6 7. Be3 Bd6 8. a3
Nge7 9. Nbd2 f5 10. Bg5 Nxd4 11. c3 Nxf3+ 12. Nxf3 Qd7 13. Qb3 Qe6+ 14. Kd2
O-O-O 15. Rae1 Qf7 16. Nd4 Rd7 17. g3 h6 18. Bxe7 Rxe7 19. Bxf5+ Kd8 20. Qxb7
Rxe1 21. Rxe1 1-0